| 000 | 01215cab a2200241 4500 | ||
|---|---|---|---|
| 001 | ABS56900 | ||
| 008 | 090401t1997 xxu||||| |||| 00| 0 eng d | ||
| 035 | _a(Sirsi) u77837 | ||
| 041 | _aeng | ||
| 245 | _aGardner and another v Marsh & Parsons and another | ||
| 260 | _c1997 | ||
| 350 | _a0 | ||
| 490 |
_aEstates Gazette _v[1997] 15 EG 137-147(10) |
||
| 520 | _aCA 13 November 1996. In 1985 G instructed M to make a structural survey of a maisonette. The report failed to disclose a serious structural fault and G acquired a long lease on the premises. The defect was discovered later when G tried to sell the property and it was remedied by the landlord at his expense. At the first hearing, the judge awarded £29,000 damages - as the difference between the value of the property without defects and the value with defects at the purchase date. M appealed on the grounds that the landlord remedied the problem and G suffered no loss. Appeal dismissed. | ||
| 650 | _aDAMAGES | ||
| 650 | _aDEFECTS | ||
| 650 | _aGARDNER V MARSH & PARSONS AND ANOTHER | ||
| 650 | _aNEGLIGENT VALUATION | ||
| 650 | _aSTRUCTURAL SURVEY | ||
| 690 | _aPROFESSIONAL PRACTICE-CASE LAW | ||
| 942 | _n0 | ||
| 948 | _c22/04/1997 | ||
| 999 |
_c48936 _d48936 |
||